000 00679nam a2200193Ia 4500
003 GCL
008 140319s9999 xx 000 0 ara d
040 _aGCL /
_cGCL
082 0 4 _a956.903
_bهـ د
100 1 _aالهيئة العامة للاستعلامات
245 1 0 _aدير ياسين /
_cالهيئة العامة للاستعلامات
260 _a[S.N] :
_bالهيئة العامة للاستعلامات
300 _a14 ص
490 _aالهيئة العامة للاستعلامات
_v0
650 0 4 _aالنزاع العربى الاسرائيلى
650 0 4 _aالحاسبات الالكترونية
650 0 4 _aدير ياسين
942 _2ddc
_cBK
999 _c41036
_d41036